01575agaaa2200289 45000010005000000030009000050050017000140070009000310080040000400400023000800410013001031000043001161300019001592450200001782500022003782600131004003000033005315080150005645110015007145200300007295380016010295460013010456500052010587000058011107000062011687000055012309018IT-RoPAU20220918181244.0d cvaizq50131s9999||||xx ||| | || ||und|| aIT-RoPAUcIT-RoPAU aITALIANO aVadim RogergCodice regista SPICS: 227 aMETZENGERSTEIN aMETZENGERSTEINcProdotto da: Grimaldi Alberto -- Sceneggiatura: Vadim Roger Cousin Pascal Boulanger Daniel -- Diretto da: Vadim RogerpTRE PASSI NEL DELIRIO (Rif. Codice opera principale : 21539) aEdizione Standard aROMA - PARIGI (ITALIA)bEUROPEE ASS. - MARCEAU - COCINOR / Distribuzione: RAIg"1968 (1° ed.: 1982 ; Ed. Lingua Orig.: 1968)" aVHSbsonoro, col.c40 minuti a"Fotografia: Renoir Claude; Montaggio: Plemiannikov Helene; Musica: Padromides Jean; Sceneggiatura: Vadim Roger Cousin Pascal Boulanger Daniel; " aFonda Jean aUNA RICCA QUANTO PERVERSA CONTESSA SI INNAMORA DI UN SUO CUGINO CHE LA RESPINGE PER VENDICARSI ESSA FA INCENDIARE LA FATTORIA PROVOCANDO LA MORTE DELL'AMATO DA QUEL MOMENTO VIVE TORMENTATA DA UNA FORMA DI OSCURO RIMORSO E INFINE INFORCATO UN MISTERIOSO CAVALLO NERO MUORE ANCHE LEI TRA LE FIAMME aPAL, STEREO aITALIANO aORROREeFILMS [VHS]xCodice MATERIA SPICS: 9960 aPadromides Jeane(musica)gCodice Musica SPICS: 26179 aPoe Allan Edgar e(soggetto)gCodice Soggetto SPICS: 2471 aVadim Roger e(regista)gCodice regista SPICS: 227